000 01016nam a2200301 4500
001 0000015620
003 CO-CtgCURN
005 20250329191014.0
007 ta
008 160627s1996 000 0 eng d
020 _a9580433747
040 _aCO-CtgCURN
_bspa
_ccoctgcurn
082 0 _a658.562
_bG81e
100 1 _aGuaspari, John.
245 1 0 _aErase una vez una fabrica ... :
_bfabula sobre la calidad /
_cJohn Guaspari , traducción Marcela de Narvaez , ilustraciones Manfred Limmroth.
260 _aBarcelona :
_bGrupo Editorial Norma,
_c1996.
300 _a110 p.
336 _2rdacontent
337 _2rdamedia
_asin mediacion
_bn
338 _2rdacarrier
_avolumen
_bnc
500 _aTitulo original. I know it when i see it : a modern fable about quality.
505 8 _aObra Literaria
650 1 4 _aControl de calidad.
700 1 _aLimmroth, Manfred.
908 _a160627
942 _cBK
_h658.562
_iG81e
_2ddc
999 _c10898
_d10898